00889nam a2200217Ia 4500008004100000020002200041040004200063041000800105060001000113100004800123245010600171260003900277300004500316490004800361504005300409546008600462650004500548650003100593650002500624700002200649130821s1980 sp a gr spa  a8434514451 (v. 4) aCo-BoUCMbspacJavier GarzóndNuevo00aspa00aWK 171 aNetter, Frank H.q(Frank Henry)d1906-1991.10aSistema endocrino y enfermedades metabólicascFrank H. Netter ; director invitado: Peter H. Forsham aBarcelona (España)bSalvatc1980 a285 páginasbilustraciones, gráficas0 aColección Ciba de ilustraciones médicas aIncluye referencias bibliográficas e índices aTrad. de: Endocrine system and selected metabolic diseases, Ardsley : Ciba-Geigy. 7aEnfermedades de las glandulas endocrinas 7aEnfermedades metabólicas 7aGlandulas endocrinas1 aForsham, Peter H.